Системный анализ социально-экономических проблем регионального развития: III Всесоюзная школа-семинар, 10-15 сентября 1984 г., Новосибирск

Bibliografski detalji
Autori kompanije: Академия наук СССР (АН СССР) Всесоюзный научно-исследовательский институт системных исследований (ВНИИСИ) (570), Академия наук СССР (АН СССР) Сибирское отделение (СО) Институт экономики и организации промышленного производства (ИЭОПП), Системный анализ социально-экономических проблем регионального развития
Daljnji autori: Шаталин С. С. (редактор)
Jezik:ruski
Izdano: Новосибирск, Изд-во ИЭОПП, 1984
Teme:
Format: Knjiga
KOHA link:https://koha.lib.tpu.ru/cgi-bin/koha/opac-detail.pl?biblionumber=284082

MARC

LEADER 00000nam0a2200000 4500
001 284082
005 20231101235647.0
035 |a (RuTPU)RU\TPU\book\308221 
090 |a 284082 
100 |a 20150212d1984 km y0rusy50 ca 
101 0 |a rus 
102 |a RU 
105 |a a z 101zy 
200 1 |a Системный анализ социально-экономических проблем регионального развития  |e III Всесоюзная школа-семинар, 10-15 сентября 1984 г., Новосибирск  |f Академия наук СССР (АН СССР), Всесоюзный научно-исследовательский институт системных исследований (ВНИИСИ) ; Академия наук СССР (АН СССР), Сибирское отделение (СО), Институт экономики и организации промышленного производства (ИЭОПП) ; под ред. С. С. Шаталина 
210 |a Новосибирск  |c Изд-во ИЭОПП  |d 1984 
215 |a 283 с.  |c ил. 
320 |a Библиография в конце работ. 
606 1 |a Экономика  |y Россия  |y Западная Сибирь  |2 stltpush  |3 (RuTPU)RU\TPU\subj\64436  |9 81334 
610 1 |a системный анализ 
610 1 |a социальные процессы 
610 1 |a экономическое развитие 
610 1 |a региональное развитие 
610 1 |a методология 
610 1 |a системные исследования 
610 1 |a межрегиональные взаимодействия 
610 1 |a программный подход 
610 1 |a моделирование 
610 1 |a школа-семинар 
610 1 |a Новосибирск 
686 |a У9(2Р53)л0  |v LBC/SL-A  |2 rubbk 
702 1 |a Шаталин  |b С. С.  |4 340 
712 0 2 |a Академия наук СССР (АН СССР)  |b Всесоюзный научно-исследовательский институт системных исследований (ВНИИСИ)  |c (Москва)  |c (1886-1991)  |2 stltpush  |3 (RuTPU)RU\TPU\col\259 
712 0 2 |a Академия наук СССР (АН СССР)  |b Сибирское отделение (СО)  |b Институт экономики и организации промышленного производства (ИЭОПП)  |c (Новосибирск)  |2 stltpush  |3 (RuTPU)RU\TPU\col\12174 
712 1 2 |a Системный анализ социально-экономических проблем регионального развития  |c Всесоюзная школа-семинар  |d 3  |e Новосибирск  |f 1984  |4 570 
801 1 |a RU  |b 63413507  |c 20150212 
801 2 |a RU  |b 63413507  |c 20171011  |g RCR 
942 |c BK